000 00414nam a2200169Ia 4500
008 230516s1987 xx 000 0 und d
041 _aeng
082 _a615.4
_bCAR
100 _aCARTER S.J.
245 _aDISPENSING FOR PHARMACEUTICAL STUDENTS
260 _aNEW DELHI
_bC.B.S. PUBLISHERS & DISTRUTORS
_c1987
300 _a759
365 _h13%
500 _aPB
520 _aPH
650 _aPHARMACEUTICS
999 _c362281
_d362281